| 000 | 00688nam a2200241Ia 4500 | ||
|---|---|---|---|
| 008 | 160418s9999 xx 000 0 und d | ||
| 020 | _a971-08-6829-2 | ||
| 050 | _aFIL GV 361 | ||
| 050 | _b.T85 2010 | ||
| 100 | _aTulio, Doris D. | ||
| 245 | _aPhysical education 3 : | ||
| 245 | _bfor college / | ||
| 245 | _cDoris D. Tulio… [et al] | ||
| 260 | _aMandaluyong: | ||
| 260 | _bNational Books Store | ||
| 260 | _c2010 | ||
| 300 | _a155 pages : | ||
| 300 | _billustrations ; | ||
| 300 | _c26 cm. | ||
| 500 | _aIncludes bibliographical references. | ||
| 650 | _aPhysical education for college students. | ||
| 650 | _xPhysical education and training -- Study and teaching. | ||
| 999 |
_c293377 _d293377 |
||